000 00924nam a22002057a 4500
003 AM-YeHGA
040 _aAM-YeHGA
090 _c432962
005 20250617155321.0
008 190423b ||||| |||| 00| 0 rus d
041 0 _arus
245 0 0 _aМатериалы для биографического словаря действительных членов Императорской Академии наук
260 _aПетроград :
_bТип. Имп. Акад. наук,
_c1915-
300 _aчасть
440 0 _aИмператорская Академия наук. 1889-1914
_v3
505 0 _gЧ. 1 (1915; 440 с.) :
_tА-Л;
_gЧ. 2 (1917; 335 с.) :
_tМ-Я
653 0 _aБиографические словари действительных членов Императорской Академии наук
653 0 _aСловари биографические
942 _2udc
_cBK
999 _c430407
_d430407